PERMEA '89. Sborník přednášek na 6.celostátní konferenci

Na minha lista:
Detalhes bibliográficos
Formato: Livro
Publicado em: Hradec Králové : Pobočka ČSVTS-Chepos-s.p.-VÚPCHT, 1989
Tags: Adicionar Tag
Sem tags, seja o primeiro a adicionar uma tag!

MARC

LEADER 00000nam a22000003a 4500
001 stu15071
005 20150408181723.8
008 ------s1989----cs----------------------d
040 |a STU  |b slo 
041 0
044 |a cs 
080 |a 66.021.06(082.1)  |7 stu_us_auth*stu5708 
245 |a PERMEA '89. Sborník přednášek na 6.celostátní konferenci 
260 |a Hradec Králové :  |b Pobočka ČSVTS-Chepos-s.p.-VÚPCHT,  |c 1989 
300 |a 339 s 
996 |b CK380  |c C*K380  |l CCXVIII  |s P  |a 0  |w stu15071_0001